00484 2200169 4500245006600000020001800066250001000084100003900094700003000133650002400163005001900187260005100206041001400257084001300271300002100284336000900305 aAkuntansi ManajemencDr. Slamet Sugiri, M.B.A., AkuntanhText a979-8170-32-6 aEd. 3 aDr. Slamet Sugiri, M.B.A., Akuntan aDra. Sulastiningsih, M.Si aAkuntansi Manajemen a20230525095413 aYogyakartabUnit Penerbit dan Percetakanc2004 aIndonesia a658.1511 a176 hlm. :c24cm atext